| 000 | 00358nam a22001337a 4500 | ||
|---|---|---|---|
| 020 | _a9788126515608 | ||
| 082 |
_222 _a621.384521 |
||
| 100 | _aLin, Yi-Bong and Chlamtac, Imrich. | ||
| 245 | _aWireless and mobile network architectures / | ||
| 250 | _aNA | ||
| 260 |
_aNew Delhi, _bWiley, _cc2008. |
||
| 300 |
_axxiii,532 p. ; _bill. ; _c24 cm. |
||
| 942 |
_2ddc _cAE |
||
| 999 |
_c1117 _d1117 |
||